01001nam a2200193 a 450000100100000000500170001000800410002702000180006804000250008608200150011111101270012624501730025324601120042626000430053830000240058150000730060550400550067871000740073300004445620201002045404.0140702s2008 bl a 000 0 spa d a9788589669320 aDO-SdBNPbspacBNPHU axxxxbxxxx2 aAnais do Seminário Conhecendo e Reconhecendo a Dança na UFRJn(3ero. y 4tod02 a 11 de dez. de 2008 :cRio de Janeiro)10aConhecendo e reconhecendo a Danca Na UFRJ :banais do ... Seminário Interno do Departamento de Arte Corporal da Escola de Educação Física e Desportos : resumos.10aSeminário Interno do Departamento de Arte Corporal de Escola de Eduçacão Física e Desportos Resumos aRio de Janeiro, Brazil :bUFRJ,c2008. av. :bil. ;c21 cm. aIncluye referencias bibliográficas y notas al pie de las páginas aIncluye bibliografía al final de cada capítulo2 aUniversidade Federal do Rio de JaneirobDepartamento de Arte Corporal